Western European Union Observers - Statistics

General Stats
  • This quiz has been taken 11 times
  • The average score is 4 of 5
Answer Stats
Answer % Correct
Ireland
86%
Sweden
86%
Denmark
71%
Austria
57%
Finland
57%
No matching quizzes found
Score Distribution
Percent of People with Each Score
Percentile by Number Answered
Your Score History
You have not taken this quiz